• 首页
  • 本馆介绍
  • 公告通知
  • 最新文献
  • 馆藏检索
  • 电子资源
  • 读者导购
  • 参考咨询
  • 我的图书馆
  • 登录
  • 详细信息显示
  • 放入我的书架
  • 预约/预借图书
  • 作者相关作品
  • 分类相关作品
  • 丛书相关作品
  • 出版社相关作品

书目信息

  • 表格格式
  • 工作单格式
  • 卡片格式
题名:
数学制图学原理
    
 
作者: Урмаев , 乌尔马耶夫 著 ;方炳炎 译
分册:  
出版信息: 北京   测绘出版社  1979
页数: 130页
开本: 26cm
丛书名:
单 册:
中图分类: P282
科图分类:
主题词: 地图制图--基本知识
电子资源:
ISBN:
000 00883nam0 2200265 45
001 0179000151
005 20060819092518.18
010    @d¥0.97
091    @aCN@b15039.新98
100    @a19950726d1979 em y0chiy0121 ea
101 1  @achi@crus
102    @aCN@b110000
105    @ay z 000yy
200 10 @a数学制图学原理@Ashu xue zhi tu xue yuan li@f(苏)乌尔马耶夫(Н.А.Урмаев)著@g方炳炎译
210    @a北京@c测绘出版社@d1979
215    @a130页@d26cm
300    @a书名原文:Основы математической картографии
510 1  @aОсновы математической картографии@zrus
606    @a地图制图@x基本知识
690    @aP282@v3
701 A1 @aУрмаев@bН.А.@4著
701  1 @a乌尔马耶夫@Awu er ma ye fu@bН.А.@4著
702  0 @a方炳炎@Afang bing yan@4译
801  0 @aCN@bTSSF@c20060819
905    @a10447@dP282@e126
    
    数学制图学原理/(苏)乌尔马耶夫(Н.А.Урмаев)著/方炳炎译.-北京:测绘出版社,1979
    130页;26cm
    书名原文:Основы математической картографии
    
    ISBN :¥0.97
    
●
相关链接 在E读中查询图书 在五车中查询图书 在当当中查询图书 在豆瓣中查询图书


正题名:数学制图学原理     索取号:P282/126         预约/预借

序号 登录号 条形码 馆藏地/架位号 状态 备注
1 0014886   000406572   密集书库/ [索取号:P282/126] 在馆    
2 0014887   000406581   密集书库/ [索取号:P282/126] 在馆    
3 0458946   204589463   密集书库/ [索取号:P282/126] 在馆    
4 0458947   204589472   密集书库/ [索取号:P282/126] 在馆    
5 0458948   204589481   密集书库/ [索取号:P282/126] 在馆    
唐山师范学院图书馆 欢迎您!
大连网信软件有限公司© 版权所有